दलित चळवळ: आकलनाच्या दिशेने (Record no. 46886)

MARC details
000 -LEADER
fixed length control field 00537nam a2200193Ia 4500
008 - FIXED-LENGTH DATA ELEMENTS--GENERAL INFORMATION
fixed length control field 220531s9999 xx 000 0 und d
041 ## - LANGUAGE CODE
Language code of text/sound track or separate title mar
082 ## - DEWEY DECIMAL CLASSIFICATION NUMBER
Item number SIR
100 ## - MAIN ENTRY--PERSONAL NAME
Personal name सिरसट, प्रकाश
9 (RLIN) 85283
245 ## - TITLE STATEMENT
Title दलित चळवळ: आकलनाच्या दिशेने
250 ## - EDITION STATEMENT
Edition statement 1ST
260 ## - PUBLICATION, DISTRIBUTION, ETC. (IMPRINT)
Place of publication, distribution, etc. Pune
Name of publisher, distributor, etc. Hariti
Date of publication, distribution, etc. 2016
300 ## - PHYSICAL DESCRIPTION
Extent 80
542 ## - INFORMATION RELATING TO COPYRIGHT STATUS
Copyright holder 20-03-2017
551 ## -
-- Sociology
-- Grantable-SCO
650 ## - SUBJECT ADDED ENTRY--TOPICAL TERM
Topical term or geographic name as entry element Sociology
9 (RLIN) 85284
906 ## - LOCAL DATA ELEMENT F, LDF (RLIN)
d 2016-2017
f 10544
Holdings
Withdrawn status Lost status Source of classification or shelving scheme Damaged status Not for loan Collection code Home library Current library Date acquired Vendor Cost, normal purchase price Total Checkouts Total Holds Full call number Barcode Date last seen Cost, replacement price Bill Date Koha item type Original Barcode
    Dewey Decimal Classification       Shri Siddhivinayak Mahila Mahavidyalaya Shri Siddhivinayak Mahila Mahavidyalaya 29/03/2017 Hariti 100.00   1 /SIR/B/17812 SSMM-BK-17812 06/08/2022 100.00 06/08/2022 Books 010017812